| 000 | 00441cam a2200169 a 4500 | ||
|---|---|---|---|
| 020 | _a087131830X | ||
| 040 | _cDLC | ||
| 082 | 0 | 0 | _a003 M.VA 1997 A004 Or. |
| 100 | 1 | _aMalone, John Williams. | |
| 245 | 1 | 0 |
_aPredicting the future : _bfrom Jules Verne to Bill Gates / |
| 250 | _a1st ed. | ||
| 260 |
_aNew York : _bM. Evans, _cc1997. |
||
| 300 |
_aix, 194 p. ; _c24 cm. |
||
| 650 | 0 | _aForecasting | |
| 650 | 0 | _aCommon fallacies | |
| 942 | _cEK | ||
| 999 |
_c16401 _d16401 |
||